000 00542nam a22001697a 4500
999 _c21336
_d21336
003 BDDh-ASL
005 20231015030004.0
008 210128s2010 enk||||| |||| 00| 0 eng d
040 _aBDDh-ASL
_cBDDh-ASL
082 _a297.306
_bABW
100 1 _92952
_aAbul-Fadl, Mona
245 1 0 _aWhere East Meets West:
_bAppropriating the Islamic Encounter for A Spiritual-Cultural Revival /
260 _aLondon:
_bThe International Institute of Islamic Thought,
_c2010.
300 _a95 cm.
_c24 cm.
650 0 _91652
_aIslam
942 _2ddc
_cBK